حروب الردة : دراسة تحليلية / (Record no. 134106)

MARC details
000 -LEADER
fixed length control field 00518nam a22001697a 4500
005 - DATE AND TIME OF LATEST TRANSACTION
control field 20251108175433.0
008 - FIXED-LENGTH DATA ELEMENTS--GENERAL INFORMATION
fixed length control field 250721s2015 xx 000 0 ara d
082 14 - DEWEY DECIMAL CLASSIFICATION NUMBER
Classification number 956.031/غش
100 1# - MAIN ENTRY--PERSONAL NAME
Personal name العش، أحمد سعد
245 10 - TITLE STATEMENT
Title حروب الردة : دراسة تحليلية /
264 1# - PRODUCTION, PUBLICATION, DISTRIBUTION, MANUFACTURE, AND COPYRIGHT NOTICE
Place of production, publication, distribution, manufacture بيروت :
Name of producer, publisher, distributor, manufacturer دار الكتب العلمية،
Date of production, publication, distribution, manufacture, or copyright notice 2015.
300 ## - PHYSICAL DESCRIPTION
Extent 160ص
650 17 - SUBJECT ADDED ENTRY--TOPICAL TERM
Topical term or geographic name as entry element التاريخ الأسلامي
650 17 - SUBJECT ADDED ENTRY--TOPICAL TERM
Topical term or geographic name as entry element خلافة أبي بكر (634-632)
942 ## - ADDED ENTRY ELEMENTS (KOHA)
Source of classification or shelving scheme Dewey Decimal Classification
Koha item type Books
Holdings
حالة السحب حالة الفقدان مصدر التصنيف حالة التلف غير قابل للإعارة المكتبة الرئيسية المكتبة الحالية موقع الرف تاريخ التزويد الرقم المتسلسل Total Checkouts رقم الإستدعاء الباركود تاريخ آخر ظهور تاريخ الفاتورة نوع المادة (كوها)
    Dewey Decimal Classification     المكتبة المركزية المكتبة المركزية الإعارة 28/07/2025 1621418   956.031/غش PLD00368707 28/07/2025 28/07/2025 Books
    Dewey Decimal Classification     مكتبة أبو علندا العامة مكتبة أبو علندا العامة الإعارة 24/01/2016 1621422   956.031/غش PLD00370057 28/07/2025 24/01/2016 Books
    Dewey Decimal Classification     مكتبة الأميرة ايمان العامة مكتبة الأميرة ايمان العامة الإعارة 24/01/2016 1621421   956.031/غش PLD00370056 28/07/2025 24/01/2016 Books
    Dewey Decimal Classification     مكتبة الجويدة مكتبة الجويدة الإعارة 24/01/2016 1621419   956.031/غش PLD00370054 28/07/2025 24/01/2016 Books
    Dewey Decimal Classification     مكتبة الحسن العامة مكتبة الحسن العامة الإعارة 24/01/2016 1621420   956.031/غش PLD00370055 28/07/2025 24/01/2016 Books
Implemented & Customized by: BBB with SCIT (Smart Chains for Information Technology)

Powered by Koha